Time lines on file

में बचाया:
ग्रंथसूची विवरण
मुख्य लेखक: Diagram Group
स्वरूप: पुस्तक
भाषा:Undetermined
प्रकाशित: New York Facts on Files 1988
विषय:
टैग : टैग जोड़ें
कोई टैग नहीं, इस रिकॉर्ड को टैग करने वाले पहले व्यक्ति बनें!
Thư viện lưu trữ: Trung tâm Học liệu Trường Đại học Cần Thơ
LEADER 00459nam a2200181Ia 4500
001 CTU_29268
008 210402s9999 xx 000 0 und d
082 |a 902.02 
082 |b F533 
100 |a Diagram Group 
245 0 |a Time lines on file 
245 0 |c Diagram Group 
260 |a New York 
260 |b Facts on Files 
260 |c 1988 
650 |a world history 
904 |i Minh, 990317 
980 |a Trung tâm Học liệu Trường Đại học Cần Thơ